00432 2200157 4500001002100000008004100021035002000062245004700082100001900129260004000148300002000188082001800208650002200226990001300248990001300261INLIS000000000000359 ind  a0010-0322000359 aRHINOS BEST FRIEND AND OTHER STORIEScIKHA aDIDIK DJUNAEDI aJAKARTAbPT GADING INTI PRIMAc2015 a68 hlm.c25 cm. a398.249 595 7 aFABEL - SINGAPURA a102526-1 a102526-2